[Event "Mitropa Cup Open 2019"]
[Site "Radenci"]
[Date "2019.05.29"]
[Round "3.17"]
[White "Jovanic, Ognjen"]
[Black "Bogner, Sebastian"]
[Result "1-0"]
[WhiteElo "2511"]
[BlackElo "2597"]
[Annotator "TA"]
[PlyCount "119"]
[EventDate "2019.05.27"]
[EventType "team-tourn"]
[EventCountry "SLO"]
[SourceTitle "playchess.com"]
[Source "ChessBase"]
[SourceQuality "1"]
[WhiteTeam "Croatia"]
[BlackTeam "Switzerland"]
[WhiteTeamCountry "CRO"]
[BlackTeamCountry "SUI"]

{[%evp 12,119,0,4,11,-13,0,0,0,11,0,0,10,20,14,6,0,0,20,0,0,5,16,-43,0,-17,0,-20,136,135,138,133,114,125,126,123,122,134,125,124,154,112,147,132,149,126,144,104,112,83,85,63,68,67,74,65,83,76,77,71,83,79,82,78,87,81,106,106,108,108,107,85,87,65,98,67,68,0,0,0,11,0,0,0,0,0,141,0,0,0,0,0,0,0,0,0,141,141,141,141,141,141,141,141,141,141,138,138,145,164]} 1. d4 Nf6 2. c4 e6 3. Nf3 b6 4. a3 Bb7 5. Nc3 d5 6. cxd5 Nxd5 7. Bd2 Be7 {E12: Queen's Indian: Unusual White 4th moves, 4 a3, 4 Nc3 Bb7 5 a3 and 4 Nc3 Bb7} (7... Nf6 8. Bg5 Be7 9. Qa4+ Nfd7 10. Bf4 O-O 11. Rd1 Nf6 12. Qc2 Qc8 13. e4 c5 14. d5 exd5 15. exd5 {½-½ (42) Dreev,A (2662)-Bocharov,I (2568) Sochi 2019}) 8. Qa4+ c6 9. e4 Nxc3 {The position is equal.} 10. Bxc3 O-O 11. Rd1 Nd7 12. Bd3 Qc7 13. O-O Rfd8 14. Rfe1 Rac8 $146 ({Predecessor:} 14... a5 15. Bb1 {0-1 (43) Bator,R (2495)-Astrom,G (2298) Sweden 2004}) 15. Bf1 Nf6 16. Rc1 Qb8 17. Ba6 ({White should try} 17. Qc2 $11) 17... c5 (17... b5 {is interesting.} 18. Qa5 Re8 19. Bxb7 Qxb7 20. Nd2 Nd7) 18. dxc5 {Threatens to win with Be5.} Rxc5 19. Bxf6 (19. b4 {with more complications.} Rcc8 20. Be5 Qa8 21. Bc7 Rd7 22. Be5) 19... Bc6 $2 ({Black should play} 19... Bxf6 $11 20. Bxb7 Qxb7 21. Rxc5 bxc5) 20. Qxc6 $1 $16 Rxc6 21. Bxe7 Rxc1 22. Rxc1 Qf4 23. Re1 Rd7 24. Bb4 Qc7 25. Bc3 Rd8 26. Bf1 h6 27. g3 Qc6 28. Nd4 Qc5 29. Nc2 Qc6 30. Nb4 Qa4 31. e5 Rd1 32. Rxd1 Qxd1 33. Nc6 Qa4 34. Nd4 Qd1 35. Nb5 Qa4 36. h4 Kf8 37. Nd4 Kg8 38. Be2 g6 39. Kf1 Qd7 40. Bf3 Qc8 41. Nc6 {Black must now prevent Ne7+.} Qa6+ 42. Kg2 Kg7 43. Bb4 Qa4 44. b3 ({Better is} 44. Kg1 $14) 44... Qxb3 $11 45. Nxa7 Qc4 46. Nc6 g5 47. hxg5 hxg5 {...g4 is the strong threat.} 48. g4 Kg6 (48... b5 $11) 49. Bd6 (49. a4 $1 $16) 49... Kg7 50. Nb8 Qa4 51. Nc6 Qc4 52. Be7 Kg6 53. Bb4 Qd3 {[#]} (53... Qc2 $11) 54. a4 $1 $16 {[%cal Ba3a4,Ba4a5][%mdl 32] White is clearly better.} Qc2 {[#]} 55. a5 $1 {[%cal Ra5b6]} bxa5 56. Bxa5 Qd3 57. Bd8 Kh6 58. Bf6 Qc4 59. Nd8 Kg6 60. Nb7 {Accuracy: White = 67%, Black = 51%.} 1-0

[Event "Mitropa Cup Open 2019"]
[Site "Radenci"]
[Date "2019.05.29"]
[Round "3.18"]
[White "Pelletier, Yannick"]
[Black "Kovacevic, Blazimir"]
[Result "1/2-1/2"]
[WhiteElo "2547"]
[BlackElo "2456"]
[Annotator "TA"]
[PlyCount "41"]
[EventDate "2019.05.27"]
[EventType "team-tourn"]
[EventCountry "SLO"]
[SourceTitle "playchess.com"]
[Source "ChessBase"]
[SourceQuality "1"]
[WhiteTeam "SUI"]
[BlackTeam "CRO"]
[BlackTeamCountry "CRO"]

{[%evp 21,41,0,0,-14,-16,-29,-21,-26,-5,-19,0,-12,0,-15,-4,-14,0,-17,0,-4,0,-12]} 1. d4 Nf6 2. c4 e6 3. Nf3 d5 4. Nc3 Nbd7 5. Bg5 Be7 6. e3 c6 7. Bd3 dxc4 8. Bxc4 Nd5 9. Bxd5 exd5 10. Bxe7 Qxe7 11. O-O O-O 12. h3 {D53: Queen's Gambit Declined: 4 Bg5 Be7: Early deviations} Nb6 13. Ne5 Bf5 $146 ({Predecessor:} 13... Qg5 14. Kh2 f6 15. Nf3 Qg6 16. Ne2 Nc4 17. b3 Nd6 18. Nf4 Qh6 19. Nd2 g5 {0-1 (28) Zlatanovic,D (1937)-Krstic,S Serbia 2011}) 14. Qf3 Be4 15. Qe2 {The position is equal.} Rad8 16. Rfe1 Rfe8 17. Rac1 Bf5 18. Qf3 Be4 19. Qe2 Bf5 20. Qf3 Be4 21. Qe2 {Accuracy: White = 43%, Black = 27%.} 1/2-1/2

[Event "Mitropa Cup Open 2019"]
[Site "Radenci"]
[Date "2019.05.29"]
[Round "3.19"]
[White "Tica, Sven"]
[Black "Studer, Noel"]
[Result "1-0"]
[WhiteElo "2417"]
[BlackElo "2517"]
[Annotator "TA"]
[PlyCount "81"]
[EventDate "2019.05.27"]
[EventType "team-tourn"]
[EventCountry "SLO"]
[SourceTitle "playchess.com"]
[Source "ChessBase"]
[SourceQuality "1"]
[WhiteTeam "Croatia"]
[BlackTeam "Switzerland"]
[WhiteTeamCountry "CRO"]
[BlackTeamCountry "SUI"]

{[%evp 20,81,0,0,0,0,0,0,8,0,0,0,0,0,14,2,5,0,0,0,8,0,12,10,20,32,51,0,84,68,89,54,89,100,118,130,172,172,254,116,145,142,120,27,55,59,39,25,26,-221,-235,-508,-235,-224,-227,-241,-216,-237,29982,29983,29983,29984,1581,100]} 1. Nf3 Nf6 2. c4 e6 3. b3 d5 4. e3 b6 5. Bb2 Bb7 6. d4 Be7 7. Bd3 dxc4 8. bxc4 c5 9. O-O Nc6 10. Nbd2 O-O 11. Rc1 Qc7 {E14: Queen's Indian: Classical Variation (4 e3)} 12. Qe2 Rad8 13. Rfd1 Rfe8 {The position is equal.} 14. Bb1 cxd4 15. exd4 Qf4 16. Nf1 {[#]} Nb8 $146 {[%cal Bc6b8,Bb8d7,Bd7f8,Bf8g6][%mdl 32]} ({Predecessor:} 16... Bd6 17. Ng3 Bb8 18. Bc3 Ne7 19. Ne5 {½-½ (66) Malakhov,V (2686)-Inarkiev,E (2689) St Petersburg 2017}) 17. Rc3 Nbd7 18. h3 Qb8 19. Re3 Bd6 20. Ne5 Nf8 21. f4 Ng6 22. g3 Ne7 23. Ng4 ({White should try} 23. Rb3 $14) 23... Nxg4 (23... Nd7 $1 $11 {keeps the balance.}) 24. hxg4 $16 Ng6 25. Nd2 Qc8 26. Ne4 Bb8 27. Re1 Nf8 28. g5 $1 Bd6 (28... Bxe4 $142 29. Bxe4 Bd6) 29. Kf2 (29. d5 $1 $18 {and the rest is easy.}) 29... Be7 30. Rh1 $1 b5 31. Qh5 (31. cxb5 $16 {Strongly threatening Qh5.} Rd5 32. a4) 31... Bxe4 32. Bxe4 g6 33. Qh6 $40 {[%mdl 128] aiming for d5. White is up to no good.} e5 $1 {[%cal Re5d4]} 34. dxe5 $2 {[#]} (34. fxe5 $11 {and White has nothing to worry.} Qg4 35. Qh4 (35. cxb5 Bxg5 {[%mdl 64] Double Attack} 36. Rh4 Bxh4 $11) 35... Qxg5 36. Qxg5 (36. cxb5 Qxe3+ 37. Kxe3 Bxh4 $14) 36... Bxg5 37. Ra3 (37. cxb5 Bxe3+ 38. Kxe3 Nd7 $14)) 34... Rd2+ $1 $19 ({But not} 34... Bc5 $2 35. e6 $18) 35. Re2 $2 (35. Kf3 {only move.} Rxb2 36. f5 Bxg5 {[%mdl 64] Discovered Attack} 37. Qxg5 Rxe5 38. Qf4) 35... Qc5+ (35... Bc5+ $142 36. Ke1 Rxe2+ 37. Kxe2 Qg4+ {[%mdl 64] Double Attack} 38. Kd2 Qxg3) 36. Kf3 Rxe2 37. Kxe2 {Black must now prevent e6!} Qxc4+ 38. Kf3 {White wants to mate with e6!} Qb4 $4 {[%mdl 8192] [#]} (38... Qxa2 $19 39. Qh2 Qb3+ 40. Kg4 Rd8) 39. e6 $1 {[%csl Gb2][%cal Rh6g7][%mdl 512]} Qxb2 (39... fxe6 40. Qg7#) 40. exf7+ Kxf7 41. Bd5+ {Accuracy: White = 47%, Black = 41%.} 1-0

[Event "Mitropa Cup Open 2019"]
[Site "Radenci"]
[Date "2019.05.29"]
[Round "3.20"]
[White "Gaehwiler, Gabriel"]
[Black "Srbis, Jurica"]
[Result "0-1"]
[WhiteElo "2431"]
[BlackElo "2429"]
[Annotator "TA"]
[PlyCount "138"]
[EventDate "2019.05.27"]
[EventType "team-tourn"]
[EventCountry "SLO"]
[SourceTitle "playchess.com"]
[Source "ChessBase"]
[SourceQuality "1"]
[WhiteTeam "Switzerland"]
[BlackTeam "Croatia"]
[WhiteTeamCountry "SUI"]
[BlackTeamCountry "CRO"]

{[%evp 18,138,29,30,19,34,53,46,56,39,36,22,64,30,43,3,22,0,33,4,20,23,36,25,32,18,21,0,0,-14,-8,-10,0,-6,0,-17,-12,-2,0,-72,0,-17,-15,-9,-16,-25,0,0,0,0,37,26,27,36,27,37,29,0,0,-14,-14,-25,-37,-19,-14,-14,-14,-14,-14,-114,-107,-311,-244,-460,-487,-476,-441,-377,-244,-29952,-29953,-29951,-29950,-29956,-29959,-29955,-29953,-29956,-29954,-12762,-66,-160,-66,-66,-66,-66,-66,-66,-66,-66,-66,-66,-66,-66,-66,-66,-66,-66,-66,-66,-66,-66,-66,-66,-66,-29982,-29983,-29983,-29984,-29982,-29983,-29982,-29978]} 1. d4 Nf6 2. c4 e6 3. Nf3 Bb4+ 4. Bd2 a5 5. g3 d6 6. Bg2 Nbd7 7. O-O e5 8. e3 Bxd2 9. Qxd2 O-O 10. Nc3 Re8 {E11: Bogo-Indian} 11. e4 (11. Rad1 Qe7 12. e4 Nb6 13. b3 Bg4 14. h3 Bxf3 15. Bxf3 exd4 16. Qxd4 Qe5 17. Qe3 Nbd7 18. Rfe1 {1-0 (37) Ivanchuk,V (2726)-Bjerre,J (2367) Caleta 2018}) 11... exd4 12. Nxd4 Nc5 {[%cal Rf6e4] White is slightly better.} 13. Rfe1 a4 14. Rad1 Nfd7 $146 ({Predecessor:} 14... c6 15. f3 Qa5 16. Qe3 Nfd7 {0-1 (16) Ortiz,M (2105)-Dyda,T (2222) LSS email 2013}) 15. Ndb5 Ne5 16. Qe2 Be6 17. Na3 Qd7 18. Nd5 f6 19. Nc2 Bg4 20. f3 Bh5 21. Nd4 Nc6 22. Nb5 Rxe4 $1 23. Qd2 Rxe1+ 24. Rxe1 Na6 $1 25. Nf4 {Black must now prevent Bh3.} Bf7 26. Bh3 f5 27. Nd5 $1 h6 28. Qd3 (28. f4 $11) 28... Ncb4 ({Avoid the trap} 28... Ne5 $2 29. Rxe5 $1 {[%mdl 512]} Bxd5 30. Qxd5+ $18) (28... Re8 $1 $17 {[%cal Re8e1]} 29. Rxe8+ Qxe8) 29. Nxb4 $11 Nxb4 30. Qxf5 Qxf5 31. Bxf5 Bxc4 (31... Ra5 {feels hotter.} 32. b3 d5 33. a3 dxc4 34. bxc4 Bxc4 35. Nd4 Nd5) 32. Nxc7 Rf8 33. Re8 Rxe8 (33... Nxa2 {looks sharper.} 34. Bh7+ Kf7 35. Bg6+ Kg8 36. Bh7+) 34. Nxe8 Bxa2 35. Nxd6 {[%mdl 4096] Endgame KBN-KBN} Bd5 36. Kf2 Kf8 37. Nb5 Ke7 38. Nc3 Bc6 39. f4 Kd6 40. Ke3 Nd5+ 41. Kd4 Nxc3 42. Kxc3 {KB-KB} Kc5 43. Be6 (43. h4 $1 $11 {keeps the balance.}) 43... b5 $17 {[%cal Bb7b5,Bb5b4][%mdl 32]} 44. g4 $2 (44. b4+ $17 axb3 45. Kb2) 44... b4+ $19 45. Kc2 $2 (45. Kd3) 45... Be4+ 46. Kc1 Kd4 47. g5 h5 48. h4 $2 (48. f5 $19 Ke5 49. Bf7) 48... a3 49. bxa3 bxa3 50. f5 {[#]} Ke5 $1 51. Bf7 Bxf5 52. Bxh5 {[#]} Kf4 $1 {[%cal Rf4g3]} 53. Be2 Bg4 $2 ({Not} 53... Be6 54. Kc2 $17) (53... Bh7 $19 {aiming for ...Be4.} 54. Bh5 Be4) 54. Bd3 ({Better is} 54. Bc4 $15) 54... Kg3 (54... Be6 $17 {Strongly threatening ...Kg4.} 55. Bb5 Kg4) 55. Kb1 $15 Kxh4 56. Ka2 $1 Kxg5 57. Kxa3 Bf5 58. Be2 Kf4 59. Kb4 Be4 60. Kc3 Ke3 61. Bg4 g6 62. Kc4 Bf5 63. Bd1 g5 64. Kc3 $1 Be4 {...Bf3 is the strong threat.} 65. Bg4 $1 Kf4 66. Bc8 $2 {[%mdl 8192]} (66. Be2 $15) 66... Bf5 {Black mates.} 67. Bb7 Ke3 68. Kc4 g4 69. Kc5 g3 {Accuracy: White = 39%, Black = 57%.} 0-1

[Event "Mitropa Cup Open 2019"]
[Site "Radenci"]
[Date "2019.05.30"]
[Round "4.1"]
[White "Mihok, Oliver"]
[Black "Bogner, Sebastian"]
[Result "1/2-1/2"]
[WhiteElo "2541"]
[BlackElo "2597"]
[Annotator "TA"]
[PlyCount "61"]
[EventDate "2019.05.27"]
[EventType "team-tourn"]
[EventCountry "SLO"]
[SourceTitle "playchess.com"]
[Source "ChessBase"]
[SourceQuality "1"]
[WhiteTeam "Hungary"]
[BlackTeam "Switzerland"]
[WhiteTeamCountry "HUN"]
[BlackTeamCountry "SUI"]

{[%evp 14,61,23,35,34,30,38,26,36,24,51,16,39,14,69,63,64,26,36,0,0,0,10,0,4,0,11,0,57,27,43,11,50,50,58,54,54,0,0,0,41,0,0,0,41,0,0,0,46,0]} 1. e4 c6 2. d4 d5 3. Nd2 dxe4 4. Nxe4 Nf6 5. Nxf6+ exf6 6. c3 Bd6 7. Bd3 O-O 8. Qc2 Re8+ {B15: Caro-Kann: 3 Nc3: 3...g6 and 3...dxe4 4 Nxe4 Nf6 5 Nxf6+ exf6} 9. Ne2 (9. Be3 h6 10. Ne2 Na6 11. O-O Nc7 12. c4 Bg4 13. h3 Bxe2 14. Bxe2 Ne6 15. Rad1 Qc7 16. Bg4 Rad8 17. Rfe1 Bf4 18. Bxf4 Nxf4 19. Rxe8+ Rxe8 {½-½ (58) Svidler,P (2756)-Carlsen,M (2839) Porto Carras 2018}) 9... h5 10. O-O h4 {White has an edge.} 11. h3 Nd7 12. Bf4 Nf8 {[#] Hoping for ...Rxe2!} 13. Qd2 (13. Bd2 {feels hotter.} f5 14. Rae1 g6 15. Qc1 Ne6 16. Nf4) 13... Ne6 $146 (13... Be6 $11) ({Predecessor:} 13... Qc7 14. Bxd6 Qxd6 15. Rfe1 Bd7 16. Qf4 Qxf4 17. Nxf4 {½-½ (36) Fitzsimons,D (2301)-Fernandez,D (2465) Dublin 2019}) 14. Bxd6 $14 Qxd6 15. Rfe1 Bd7 16. Bc4 Rad8 17. Rad1 Bc8 18. Qc1 b6 19. b3 Bb7 20. Bxe6 fxe6 (20... Rxe6 $11 21. c4 Rde8) 21. Nf4 Kf7 22. Qe3 g5 23. Qd3 {Threatening mate with Qh7+.} gxf4 24. Qh7+ {[%mdl 64] [#] Double Attack} Kf8 25. Qh8+ {[%mdl 1024] White has compensation.} Kf7 26. Qh7+ Kf8 27. Qh8+ Kf7 28. Qh7+ Kf8 29. Qh8+ Kf7 30. Qh7+ Kf8 31. Qh8+ {Accuracy: White = 27%, Black = 58%.} 1/2-1/2

[Event "Mitropa Cup Open 2019"]
[Site "Radenci"]
[Date "2019.05.30"]
[Round "4.2"]
[White "Pelletier, Yannick"]
[Black "Nagy, Gabor"]
[Result "1-0"]
[WhiteElo "2547"]
[BlackElo "2471"]
[Annotator "RC"]
[PlyCount "69"]
[EventDate "2019.05.27"]
[EventType "team-tourn"]
[EventCountry "SLO"]
[SourceTitle "playchess.com"]
[Source "ChessBase"]
[SourceQuality "1"]
[WhiteTeam "SUI"]
[BlackTeam "HUN"]
[BlackTeamCountry "HUN"]
[TimeControl "40/5400+30:1800+30"]

1. d4 {[%emt 0:01:09]} Nf6 {[%emt 0:00:00]} 2. c4 {[%emt 0:00:09]} e6 {[%emt 0:00:29]} 3. Nc3 {[%emt 0:00:07]} d5 {[%emt 0:00:34]} 4. Bg5 {[%emt 0:04:50]} dxc4 {[%emt 0:08:16]} 5. e4 {[%emt 0:15:13]} c5 {[%emt 0:04:24]} 6. d5 {[%emt 0:00:40]} Be7 {[%emt 0:03:31]} 7. Bxf6 {[%emt 0:26:31]} Bxf6 {[%emt 0:00:49]} 8. Bxc4 {[%emt 0:00:04]} exd5 {[%emt 0:05:00]} 9. exd5 {[%emt 0:01:34]} O-O {[%emt 0:01:16]} 10. Nge2 {[%emt 0:00:03]} Nd7 {[%emt 0:01:30]} 11. O-O {[%emt 0:01:30]} Ne5 {[%emt 0:00:59]} 12. Bb3 {[%emt 0:01:58]} Bg4 {[%emt 0:03:38]} 13. h3 {[%emt 0:05:16]} c4 {[%emt 0:09:38]} 14. hxg4 {[%emt 0:07:50]} cxb3 {[%emt 0:00:13]} 15. g5 {[%emt 0:00:02]} Bxg5 {[%emt 0:03:44]} 16. f4 {[%emt 0:02:03]} Bh6 {[%emt 0:00:41]} 17. fxe5 {[%emt 0:01:26]} Be3+ {[%emt 0:00:22]} 18. Rf2 {[%emt 0:00:02]} Qh4 {[%emt 0:00:58]} 19. g3 {[%emt 0:05:13]} Bxf2+ {[%emt 0:03:02]} 20. Kxf2 {[%emt 0:00:04]} Qh2+ {[%emt 0:00:19]} 21. Kf3 {[%emt 0:05:50]} Qh5+ {[%emt 0:00:17]} 22. Kg2 {[%emt 0:01:01]} Qxe5 {[%emt 0:02:02]} 23. axb3 {[%emt 0:00:35]} a6 {[%emt 0:01:20]} 24. Ra4 {[%emt 0:00:50]} Rad8 {[%emt 0:00:54]} 25. Re4 {[%emt 0:01:05]} Qd6 {[%emt 0:00:44]} 26. Qd4 {[%emt 0:00:36]} Rfe8 {[%emt 0:00:33]} 27. Nf4 {[%emt 0:05:15]} f5 {[%emt 0:03:09]} 28. Rxe8+ {[%emt 0:03:23]} Rxe8 {[%emt 0:00:11]} 29. b4 {[%emt 0:00:32]} g5 {[%emt 0:03:28]} 30. Nd3 {[%emt 0:02:34]} b6 {[%emt 0:00:13]} 31. g4 {[%emt 0:02:46]} Qg6 {[%emt 0:04:33]} 32. d6 {[%emt 0:01:10]} Rd8 {[%emt 0:01:18]} 33. d7 {[%emt 0:00:31]} fxg4 {[%emt 0:02:36]} 34. Ne5 {[%emt 0:02:11]} Qe6 {[%emt 0:02:30]} 35. Qd5 {[%emt 0:00:27]} 1-0

[Event "Mitropa Cup Open 2019"]
[Site "Radenci"]
[Date "2019.05.30"]
[Round "4.3"]
[White "Kozak, Adam"]
[Black "Gaehwiler, Gabriel"]
[Result "1/2-1/2"]
[WhiteElo "2458"]
[BlackElo "2431"]
[Annotator "ChessBase"]
[PlyCount "111"]
[EventDate "2019.05.27"]
[EventType "team-tourn"]
[EventCountry "SLO"]
[SourceTitle "playchess.com"]
[Source "ChessBase"]
[SourceQuality "1"]
[WhiteTeam "Hungary"]
[BlackTeam "Switzerland"]
[WhiteTeamCountry "HUN"]
[BlackTeamCountry "SUI"]
[TimeControl "40/5400+30:1800+30"]

1. Nf3 {[%emt 0:00:00]} Nf6 {[%emt 0:01:34]} 2. g3 {[%emt 0:00:00]} g6 {[%emt 0:02:58]} 3. b3 {[%emt 0:00:10]} Bg7 {[%emt 0:00:08]} 4. Bb2 {[%emt 0:00:06]} O-O {[%emt 0:03:32]} 5. Bg2 {[%emt 0:00:42]} c5 {[%emt 0:00:45]} 6. c4 {[%emt 0:01:06]} Nc6 {[%emt 0:02:33]} 7. O-O {[%emt 0:01:49]} b6 {[%emt 0:02:33]} 8. d4 {[%emt 0:02:11]} cxd4 {[%emt 0:01:03]} 9. Nxd4 {[%emt 0:00:15]} Bb7 {[%emt 0:00:04]} 10. Nc3 {[%emt 0:00:52]} Qc8 {[%emt 0:09:56]} 11. Nf3 {[%emt 0:05:09]} d6 {[%emt 0:06:48]} 12. Rc1 {[%emt 0:01:33]} Ne5 {[%emt 0:05:24]} 13. Nd5 {[%emt 0:08:34]} Nxd5 {[%emt 0:15:45]} 14. cxd5 {[%emt 0:00:58]} Nxf3+ {[%emt 0:00:11]} 15. Bxf3 {[%emt 0:00:25]} Bxb2 {[%emt 0:00:14]} 16. Rxc8 {[%emt 0:00:12]} Raxc8 {[%emt 0:00:05]} 17. Qd2 {[%emt 0:02:41]} Bc3 {[%emt 0:00:44]} 18. Qe3 {[%emt 0:04:22]} Bf6 {[%emt 0:02:30]} 19. Rc1 {[%emt 0:01:34]} Rxc1+ {[%emt 0:03:26]} 20. Qxc1 {[%emt 0:00:22]} Rc8 {[%emt 0:00:07]} 21. Qa3 {[%emt 0:11:51]} a5 {[%emt 0:03:19]} 22. b4 {[%emt 0:04:45]} Bc3 {[%emt 0:19:35]} 23. bxa5 {[%emt 0:02:14]} Bxa5 {[%emt 0:03:51]} 24. Qa4 {[%emt 0:01:43]} Rc5 {[%emt 0:02:36]} 25. Qe8+ {[%emt 0:13:01]} Kg7 {[%emt 0:00:03]} 26. Qxe7 {[%emt 0:00:10]} Bxd5 {[%emt 0:00:59]} 27. Bxd5 {[%emt 0:03:59]} Rxd5 {[%emt 0:00:05]} 28. Qe3 {[%emt 0:00:42]} Rd2 {[%emt 0:05:38]} 29. a4 {[%emt 0:02:45]} Ra2 {[%emt 0:01:26]} 30. Qd4+ {[%emt 0:00:22]} Kg8 {[%emt 0:00:06]} 31. Kf1 {[%emt 0:00:08]} Rd2 {[%emt 0:00:40]} 32. Qe4 {[%emt 0:01:13]} d5 {[%emt 0:00:48]} 33. Qe8+ {[%emt 0:00:33]} Kg7 {[%emt 0:00:05]} 34. Qe5+ {[%emt 0:00:02]} Kg8 {[%emt 0:00:06]} 35. g4 {[%emt 0:01:33]} Ra2 {[%emt 0:04:34]} 36. h4 {[%emt 0:00:49]} Kf8 {[%emt 0:01:24]} 37. Qd4 {[%emt 0:07:05]} Kg8 {[%emt 0:02:04]} 38. h5 {[%emt 0:03:47]} gxh5 {[%emt 0:00:29]} 39. gxh5 {[%emt 0:00:01]} h6 {[%emt 0:00:34]} 40. Qe5 {[%emt 0:00:00]} Bb4 {[%emt 0:00:00]} 41. Qg3+ {[%emt 0:11:37]} Kf8 {[%emt 0:05:37]} 42. Qb8+ {[%emt 0:00:21]} Kg7 {[%emt 0:01:05]} 43. Qxb6 {[%emt 0:01:54]} Bc3 {[%emt 0:01:01]} 44. Qb5 {[%emt 0:03:35]} d4 {[%emt 0:04:05]} 45. Kg2 {[%emt 0:00:54]} Rb2 {[%emt 0:00:39]} 46. Qe5+ {[%emt 0:04:20]} Kg8 {[%emt 0:00:59]} 47. Qg3+ {[%emt 0:00:37]} Kh7 {[%emt 0:05:18]} 48. Qc7 {[%emt 0:05:20]} Kg7 {[%emt 0:01:26]} 49. Qe5+ {[%emt 0:06:02]} Kg8 {[%emt 0:01:45]} 50. a5 {[%emt 0:00:26]} Ra2 {[%emt 0:03:49]} 51. Qg3+ {[%emt 0:00:17]} Kh8 {[%emt 0:01:06]} 52. Qd6 {[%emt 0:00:06]} Rxa5 {[%emt 0:00:43]} 53. Qf8+ {[%emt 0:00:05]} Kh7 {[%emt 0:00:10]} 54. Qxf7+ {[%emt 0:00:02]} Kh8 {[%emt 0:00:04]} 55. Qf6+ {[%emt 0:00:07]} Kh7 {[%emt 0:00:33]} 56. Qg6+ {[%emt 0:00:34]} 1/2-1/2

[Event "Mitropa Cup Open 2019"]
[Site "Radenci"]
[Date "2019.05.30"]
[Round "4.4"]
[White "Stijve, Theo"]
[Black "Csiki, Endre"]
[Result "1-0"]
[WhiteElo "2310"]
[BlackElo "2362"]
[Annotator "ChessBase"]
[PlyCount "77"]
[EventDate "2019.05.27"]
[EventType "team-tourn"]
[EventCountry "SLO"]
[SourceTitle "playchess.com"]
[Source "ChessBase"]
[SourceQuality "1"]
[WhiteTeam "Switzerland"]
[BlackTeam "Hungary"]
[WhiteTeamCountry "SUI"]
[BlackTeamCountry "HUN"]
[TimeControl "40/5400+30:1800+30"]

1. e4 {[%emt 0:00:01]} c5 {[%emt 0:00:00]} 2. Nf3 {[%emt 0:00:08]} e6 {[%emt 0:00:00]} 3. d4 {[%emt 0:00:08]} cxd4 {[%emt 0:00:00]} 4. Nxd4 {[%emt 0:00:10]} Nc6 {[%emt 0:00:00]} 5. Nc3 {[%emt 0:00:08]} a6 {[%emt 0:00:00]} 6. Be3 {[%emt 0:00:09]} Nf6 {[%emt 0:00:00]} 7. Qd2 {[%emt 0:01:13]} e5 {[%emt 0:00:20]} 8. Nxc6 {[%emt 0:10:23]} bxc6 {[%emt 0:01:13]} 9. a3 {[%emt 0:05:08]} Be7 {[%emt 0:09:45]} 10. Be2 {[%emt 0:13:46]} d5 {[%emt 0:25:18]} 11. exd5 {[%emt 0:16:23]} cxd5 {[%emt 0:00:37]} 12. Bg5 {[%emt 0:02:58]} d4 {[%emt 0:09:40]} 13. Bxf6 {[%emt 0:05:40]} gxf6 {[%emt 0:08:16]} 14. Bf3 {[%emt 0:09:21]} Rb8 {[%emt 0:01:47]} 15. Nd5 {[%emt 0:02:26]} Rxb2 {[%emt 0:06:09]} 16. O-O {[%emt 0:04:42]} Bb7 {[%emt 0:04:19]} 17. Qc1 {[%emt 0:02:25]} Rb5 {[%emt 0:04:57]} 18. c4 {[%emt 0:05:02]} dxc3 {[%emt 0:00:49]} 19. Nxe7 {[%emt 0:03:16]} Bxf3 {[%emt 0:00:25]} 20. Qxc3 {[%emt 0:00:58]} Bb7 {[%emt 0:11:01]} 21. Nf5 {[%emt 0:00:55]} Rg8 {[%emt 0:00:32]} 22. f3 {[%emt 0:07:28]} Rg5 {[%emt 0:03:17]} 23. Ng3 {[%emt 0:02:42]} Qd4+ {[%emt 0:03:59]} 24. Qxd4 {[%emt 0:00:06]} exd4 {[%emt 0:00:05]} 25. Ne4 {[%emt 0:01:37]} Bxe4 {[%emt 0:00:19]} 26. fxe4 {[%emt 0:00:01]} Ke7 {[%emt 0:01:55]} 27. Rad1 {[%emt 0:03:12]} Rb2 {[%emt 0:00:06]} 28. Rf2 {[%emt 0:00:12]} Rxf2 {[%emt 0:00:25]} 29. Kxf2 {[%emt 0:00:01]} Ra5 {[%emt 0:00:24]} 30. Rxd4 {[%emt 0:01:26]} Rxa3 {[%emt 0:00:10]} 31. Rd5 {[%emt 0:01:04]} Kf8 {[%emt 0:01:29]} 32. g3 {[%emt 0:01:06]} a5 {[%emt 0:00:44]} 33. Kg2 {[%emt 0:00:28]} a4 {[%emt 0:00:20]} 34. Ra5 {[%emt 0:00:18]} Ra1 {[%emt 0:03:40]} 35. e5 {[%emt 0:01:11]} f5 {[%emt 0:03:17]} 36. Kf3 {[%emt 0:00:22]} a3 {[%emt 0:00:27]} 37. Kf4 {[%emt 0:00:41]} a2 {[%emt 0:02:10]} 38. Kg5 {[%emt 0:00:11]} Kg7 {[%emt 0:00:12]} 39. Ra7 {[%emt 0:01:17]} 1-0